=LDR 00000nam 2200000 4500 =001 INLIS000000000050570 =005 20230221034454 =035 ##$$a 0010-0517000223 =008 230221###########################0#ind## =041 ##$$a ind =090 ##$$a 345.052; Mar,p =100 1#$$a Marpaung, Leden =245 1#$$a Proses Penanganan Perkara Pidana : $b Bagian kedua : Kejaksaan dan pengadilan Negeri Upaya Hukum dan Eksekusi /$c Leden Marpaung, SH. =260 ##$$a Jakarta :$b Sinar Grafika,$c 1995 =300 ##$$a xv, 377 hlm. ; $c 22 cm. =650 #4$$a Hukum Pidana =850 ##$$a NBPNMAT =020 ##$$a 979-8061-39-X =082 ##$$a 345 =084 ##$$a 345 MAR p =250 ##$$a Cet. 2 =990 ##$$a 88.308 / Pro-95 =990 ##$$a 01201901180